Atomic And Nuclear Physics (Record no. 36112)

MARC details
000 -LEADER
fixed length control field 00269nam a22001217a 4500
020 ## - INTERNATIONAL STANDARD BOOK NUMBER
ISBN 978-9381714607
082 ## - DEWEY DECIMAL CLASSIFICATION NUMBER
Classification number 539.7
Item number LIT
100 ## - MAIN ENTRY--AUTHOR NAME
Personal name Littlefield
245 ## - TITLE STATEMENT
Title Atomic And Nuclear Physics
260 ## - PUBLICATION, DISTRIBUTION, ETC. (IMPRINT)
Place of publication Newdelhi
Name of publisher Medtech
Year of publication 2014
300 ## - PHYSICAL DESCRIPTION
Number of Pages 476
942 ## - ADDED ENTRY ELEMENTS (KOHA)
Koha item type Books
Holdings
Withdrawn status Lost status Collection code Home library Current library Shelving location Date acquired Cost, normal purchase price Full call number Accession Number Koha item type
    Physics St Aloysius College St Aloysius College General Stacks 11/06/2026 325.00 539.7 LIT 37802 Books

Powered by Koha